| 000 | 01234cam a2200349 a 4500 | ||
|---|---|---|---|
| 001 | 1458 | ||
| 005 | 20230908151335.0 | ||
| 020 | _a090129003990 | ||
| 040 |
_aDLC _cDLC _dDLC _beng |
||
| 050 | 0 | 0 |
_aPZ7.O81167 _bTi 1999 |
| 082 | 0 | 0 |
_aFic _221 |
| 100 | 1 | _aOsborne, Mary Pope. | |
| 245 | 1 | 0 |
_aTigers at twilight / _cby Mary Pope Osborne ; illustrated by Sal Murdocca. |
| 260 |
_aNew York : _bRandom House, _c1999. |
||
| 300 |
_a71 pages : _billustrations ; _c20 cm. |
||
| 490 |
_aMagic Tree House _vBook 19 |
||
| 500 | _a"A Stepping Stone book." | ||
| 505 | _aK | ||
| 520 | _aHaving used their magic tree house to travel to India, where they must get a gift to help free the dog Teddy from a spell, Jack and Annie have adventures involving a tiger and other endangered jungle animals. | ||
| 521 |
_a510
_bLexile |
||
| 521 |
_aK
_bRaz-Plus |
||
| 650 | 1 |
_aDogs _vFiction. |
|
| 650 | 1 |
_aTiger _vFiction. |
|
| 650 | 1 |
_aJungle animals _vFiction. |
|
| 650 | 1 |
_aEndangered species _vFiction. |
|
| 650 | 1 |
_aSpace and time _vFiction. |
|
| 650 | 1 |
_aMagic _vFiction. |
|
| 650 | 1 |
_aTree houses _vFiction. |
|
| 700 | 1 |
_aMurdocca, Sal _eillustrator |
|
| 906 |
_a7 _bcbc _corignew _d1 _eocip _f19 _gy-gencatlg |
||
| 942 |
_2ddc _cBK _n0 |
||
| 999 |
_c1458 _d1458 |
||